VYUŽITIE VYBRANÝCH NÁSTROJOV A METÓD MANAŽÉRSTVA PRI IMPLEMENTÁCII INTEGROVANÉHO SYSTÉMU MANAŽÉRSTVA ENVIRONMENTU, KVALITY A BEZPEČNOSTI

Bibliographic Details
Main Authors: Maňko, Michal (Author), Majerník, Milan, 1952- (Author), Tarča, Alexander (Author)
Format: Article
Language:Slovak

MARC

LEADER 00000nab a2200000 a 4500
001 vtls011114104
003 SK-MaSNL
005 20260303143707.0
008 230222|2005 xo |||||||||||||||||slo|
015 |a SNBRB 
035 |a (uuid)6c5c975d-0d11-4964-94ec-fc580eeb1504 
035 |a (urnnbn)urn:nbn:sk:snk:ar-a08iay 
035 |a urn:nbn:sk:snk-ab9kmk 
040 |a SNKBUCL  |b slo  |c SNKBUCL  |e AACR2 
041 0 |a slo 
044 |a xo  |c SK 
100 1 |a Maňko, Michal  |4 aut  |9 473009 
245 1 0 |a VYUŽITIE VYBRANÝCH NÁSTROJOV A METÓD MANAŽÉRSTVA PRI IMPLEMENTÁCII INTEGROVANÉHO SYSTÉMU MANAŽÉRSTVA ENVIRONMENTU, KVALITY A BEZPEČNOSTI  |c Michal Maňko, Milan Majerník, Alexander Tarča 
700 1 |a Majerník, Milan,  |d 1952-  |4 aut  |9 214624 
700 1 |a Tarča, Alexander  |4 aut  |9 336127 
773 0 |t Acta Mechanica Slovaca  |g Roč. 9, č. 2-B (2005), s. 207-212 
954 |a odborná, vedecká literatúra pôvodná (slovenská)  |2 lita 
958 |a OND 
958 |a EUIPO 
958 |a article13 
999 |c 1991760  |d 1993690